Dans quelle saison... ? - Outer Banks - Statistiques

Statistiques générales
  • Ce quiz a été pris 527 fois
  • Le résultat moyen est 7 sur 10
Statistiques - réponses
Question Réponse % Correct
Sarah et Kiara se détestent S1
95%
JJ meurt S4
93%
Ward meurt (pour de bon) S3
76%
Le père de John B revient S3
75%
Cléo apparaît pour la première fois à l'écran S2
69%
Les pogues sont à la recherche d'Eldorado S3
68%
Wheezie n'apparaît pas une seule fois à l'écran S4
67%
Ward tente de tuer John B sur un bateau S1
63%
Le père de Pope, Heyward, est agressé S2
58%
Pope va en prison S4
33%
Aucun quiz correspondant
Distribution des résultats
% des personnes avec chaque résultat
Percentile par nombre de réponses
Votre historique - résultats
Vous n’avez pas pris ce quiz